[Event "Liptovsky Mikulas CupT U20"]
[Site "Liptovsky Mikulas"]
[Date "2012.06.26"]
[Round "7.3"]
[White "Duda, Ondrej"]
[Black "Jarabek, Milan"]
[Result "0-1"]
[WhiteElo "1602"]
[BlackElo "1583"]
[PlyCount "56"]
[EventDate "2012.06.22"]
[EventType "team-swiss"]
[EventRounds "9"]
[EventCountry "SVK"]
[SourceTitle "CBM 149 Extra"]
[Source "ChessBase"]
[SourceDate "2012.08.24"]
[SourceVersion "1"]
[SourceVersionDate "2012.08.24"]
[SourceQuality "1"]
[WhiteTeam "Dolni Benesov"]
[BlackTeam "Zahori"]
[WhiteTeamCountry "CZE"]
[BlackTeamCountry "SVK"]

1. e4 c5 2. Nf3 d6 3. Bc4 e6 4. 0-0 Nc6 5. c3 Nf6 6. Re1 Be7 7. d4 cxd4 8. cxd4 0-0 9. Nc3 Na5 10. Bd3 d5 11. e5 Nd7 12. Qc2 h6 13. b3 Nc6 14. a3 a6 15. Be3 b5 16. Ne2 Bb7 17. Qd2 f5 18. Nf4 Kf7 19. b4 g5 20. Nh5 g4 21. Bxh6 Rg8 22. Qc2 gxf3 23. Bxf5 Rxg2+ 24. Kf1 Qg8 25. Ng3 Nxd4 26. Bxe6+ Kxe6 27. Qd3 Rxh2 28. Qxd4 Rh1+ 0-1

[Event "Liptovsky Mikulas CupT U20"]
[Site "Liptovsky Mikulas"]
[Date "2012.06.24"]
[Round "5.3"]
[White "Duda, Ondrej"]
[Black "Chwistek, Karel"]
[Result "1/2-1/2"]
[WhiteElo "1602"]
[BlackElo "1697"]
[PlyCount "76"]
[EventDate "2012.06.22"]
[EventType "team-swiss"]
[EventRounds "9"]
[EventCountry "SVK"]
[SourceTitle "CBM 149 Extra"]
[Source "ChessBase"]
[SourceDate "2012.08.24"]
[SourceVersion "1"]
[SourceVersionDate "2012.08.24"]
[SourceQuality "1"]
[WhiteTeam "Dolni Benesov"]
[BlackTeam "Opava Slezan"]
[WhiteTeamCountry "CZE"]
[BlackTeamCountry "CZE"]

1. d4 Nf6 2. c4 g6 3. e3 Bg7 4. Nc3 0-0 5. Nf3 d6 6. h3 e5 7. dxe5 dxe5 8. Qxd8 Rxd8 9. Nxe5 Nbd7 10. Nxd7 Bxd7 11. Be2 Bc6 12. 0-0 Rd7 13. Rd1 Rad8 14. Rxd7 Rxd7 15. Rb1 Ne4 16. Nxe4 Bxe4 17. Ra1 Bd3 18. Kf1 Bxe2+ 19. Kxe2 f5 20. Rb1 Kf7 21. b3 Ke6 22. Bb2 Bxb2 23. Rxb2 Rd6 24. Rd2 Ra6 25. f4 c5 26. Kf3 h6 27. g4 Rd6 28. Rxd6+ Kxd6 29. e4 Ke6 30. h4 h5 31. g5 a6 32. e5 a5 33. Ke3 b6 34. Kd3 Kd7 35. Kc3 Kc6 36. a3 Kd7 37. b4 a4 38. bxc5 bxc5 1/2-1/2

[Event "Liptovsky Mikulas CupT U20"]
[Site "Liptovsky Mikulas"]
[Date "2012.06.24"]
[Round "4.3"]
[White "Kanakova, Natalie"]
[Black "Duda, Ondrej"]
[Result "1/2-1/2"]
[WhiteElo "1612"]
[BlackElo "1602"]
[PlyCount "60"]
[EventDate "2012.06.22"]
[EventType "team-swiss"]
[EventRounds "9"]
[EventCountry "SVK"]
[SourceTitle "CBM 149 Extra"]
[Source "ChessBase"]
[SourceDate "2012.08.24"]
[SourceVersion "1"]
[SourceVersionDate "2012.08.24"]
[SourceQuality "1"]
[WhiteTeam "Beskydy Chess School"]
[BlackTeam "Dolni Benesov"]
[WhiteTeamCountry "CZE"]
[BlackTeamCountry "CZE"]

1. e4 e5 2. Nf3 Nc6 3. d4 exd4 4. Bc4 Bb4+ 5. c3 dxc3 6. 0-0 Nge7 7. Qb3 0-0 8. Ng5 Qe8 9. bxc3 Bc5 10. Ba3 Bxa3 11. Nxa3 Na5 12. Qc2 Nxc4 13. Nxc4 f6 14. Nf3 b6 15. Qb3 Kh8 16. e5 fxe5 17. Ncxe5 d6 18. Nc4 Bb7 19. Nd4 Qd7 20. Rfe1 Rf6 21. f3 Nf5 22. Nxf5 Rxf5 23. Ne3 Re5 24. Ng4 Rxe1+ 25. Rxe1 Re8 26. Rxe8+ Qxe8 27. Kf2 c5 28. Ne3 Bc6 29. h3 Qd8 30. Qf7 Bd7 1/2-1/2